Real estate profit power : managing your own real estate office /

Bibliographic Details
Main Author: Parks, Jerry
Format: Book
Language:English
Published: Reston, Va. : Reston Pub. Co., [1981]
Subjects:

MARC

Tag First Indicator Second Indicator Subfields
LEADER 00000cam a22000008a 4500
001 in00000077697
005 20151008053824.0
008 810608s1981 vau 00110 eng
010 |a  81010601  
020 |a 0835965953 
035 |a (OCoLC)07573395 
035 |9 AAH8758AM 
039 0 |a 2  |b 3  |c 3  |d 3  |e 3 
040 |a DLC  |c DLC  |d TXA  |d UtOrBLW 
049 |a TXAM  |c [1406703] 
050 0 0 |a HD1375  |b .P374 
082 0 |a 333.33/068  |2 19 
100 1 |a Parks, Jerry. 
245 1 0 |a Real estate profit power :  |b managing your own real estate office /  |c Jerry Parks. 
264 1 |a Reston, Va. :  |b Reston Pub. Co.,  |c [1981] 
264 4 |c ©1981 
300 |a xiii, 155 pages ;  |c 24 cm. 
336 |a text  |b txt  |2 rdacontent 
337 |a unmediated  |b n  |2 rdamedia 
338 |a volume  |b nc  |2 rdacarrier 
500 |a Includes index. 
650 0 |a Real estate business  |x Management. 
999 |a MARS 
999 f f |s e65ee4b3-7391-3b2e-8e01-9e946e7e6b9b  |i 24c936a9-ac0f-34ea-a5df-e392de7cba17  |t 0 
952 f f |p ric  |a Texas A&M University  |b Rellis Campus  |c Joint Library Facility  |d Remote Storage  |t 0  |e HD1375 .P374  |h Library of Congress classification  |i unmediated -- volume  |m A14806125740 
998 f f |a HD1375 .P374  |t 0  |l Remote Storage